000 00310nam a22001337a 4500
020 _a978-1-4739-1657-9
082 _a004.42
100 _aSilverman, David
245 _aQualitative Research
250 _a4th
260 _aLondon:
_bSAGE Publication,
_c2016
300 _axvii, 457p.: ill.; 23cm
942 _cBK
999 _c22218
_d22218